|
|
|
|
| LEADER |
01166naa a2200337 a 4500 |
| 001 |
000000377 |
| 003 |
SVKKK |
| 005 |
00000000000000.0 |
| 008 |
c xo e engo |
| FMT |
|
|
|
| 038 |
|
|
|a SVKKK
|
| 040 |
|
|
|a SVKKK
|b slo
|e AACR2
|
| 041 |
0 |
|
|a eng
|
| 044 |
|
|
|a xo
|c SK
|
| 080 |
|
|
|a 551.8(234.55 Český masív
|2 1981
|
| 100 |
1 |
|
|a Schulmann, Karel
|4 aut
|
| 242 |
1 |
0 |
|a Kontrastný vývoj dvoch vrchnoproterozoických blokov počas variskej orogenézy pri východnom a západnom rozhraní Českého masívu
|
| 245 |
1 |
0 |
|a Contrasting Evolution of Two Upper Proterozoic Blocks During Variscan Orogeny at the East and West Border of the Bohemian Massif
|c Schulmann Karel,
|
| 500 |
|
|
|a Bratislava, Geologický ústav D. Štúra,
|
| 650 |
0 |
4 |
|a bloky vrchnoproterozoické
|x štúdie
|x abstrakty
|
| 650 |
0 |
4 |
|a orogén variský
|z Český masív
|
| 650 |
0 |
4 |
|a paleogeografia
|
| 650 |
0 |
4 |
|a tektonika
|
| 773 |
0 |
|
|t Hercynian Development of the Western Carpathians and Some Other Segments of European Hercynides
|g S. 49
|
| 958 |
|
|
|a MS
|
| 958 |
|
|
|a NP
|
| 974 |
|
|
|d 941021
|a 245/308
|
| 992 |
|
|
|a RZB
|
| BAS |
|
|
|
| 852 |
|
|
|a SVKKK
|b BIB
|
| 998 |
|
|
|a GEO
|